|
|
|
|
| LEADER |
01493nam a2200385 a 4500 |
| 001 |
EBC1679545 |
| 003 |
MiAaPQ |
| 005 |
20200520144314.0 |
| 006 |
m o d | |
| 007 |
cr cn||||||||| |
| 008 |
101029s2009 njua sb 001 0 eng d |
| 020 |
|
|
|z 9789814291859
|
| 020 |
|
|
|a 9789814293327 (electronic bk.)
|
| 035 |
|
|
|a (MiAaPQ)EBC1679545
|
| 035 |
|
|
|a (Au-PeEL)EBL1679545
|
| 035 |
|
|
|a (CaPaEBR)ebr10422524
|
| 035 |
|
|
|a (CaONFJC)MIL276200
|
| 035 |
|
|
|a (OCoLC)748608583
|
| 040 |
|
|
|a MiAaPQ
|c MiAaPQ
|d MiAaPQ
|
| 043 |
|
|
|a a-cc---
|
| 050 |
|
4 |
|a HC427
|b .C45 2009
|
| 245 |
0 |
0 |
|a China's economy
|h [electronic resource] :
|b rural reform and agricultural development /
|c editor, Deng Zhenglai.
|
| 260 |
|
|
|a Hackensack, N.J. :
|b World Scientific,
|c 2009.
|
| 300 |
|
|
|a xxiii, 406 p. :
|b ill.
|
| 490 |
1 |
|
|a Series on developing China. Translated research from China,
|x 1793-9976 ;
|v v. 1
|
| 504 |
|
|
|a Includes bibliographical references and index.
|
| 533 |
|
|
|a Electronic reproduction. Ann Arbor, MI : ProQuest, 2015. Available via World Wide Web. Access may be limited to ProQuest affiliated libraries.
|
| 650 |
|
0 |
|a Economic development
|z China.
|
| 650 |
|
0 |
|a Rural renewal
|z China.
|
| 650 |
|
0 |
|a Agriculture
|x Economic aspects
|z China.
|
| 655 |
|
4 |
|a Electronic books.
|
| 700 |
1 |
|
|a Zhenglai, Deng.
|
| 710 |
2 |
|
|a ProQuest (Firm)
|
| 830 |
|
0 |
|a Series on developing China ;
|v v. 1.
|
| 856 |
4 |
0 |
|u https://ebookcentral.proquest.com/lib/matrademy/detail.action?docID=1679545
|z Click to View
|